000
00273nam a2200097Ia 4500
001
639958
005
20250826153438.0
008
250824s9999 xx 000 0 und d
245
0
_a
YÜZBAŞININ KIZI ANTİK OKUL KLASİKLERİ
_c
PUŞKİN
260
_b
ANTİK DÜNYA KLASİKLERİ
999
_c
639958
_d
639958